Statistics for HK Bus Routes That Go Through The Eastern Harbour Crossing

Click here to take the quiz!

General Stats

  • This quiz has been taken 22 times
  • The average score is 39 of 47

Answer Stats

StartDestinationAnswer% Correct
Central Ferry PiersTai Po Central307
100%
Admiralty Station(East)Po Tat601
94%
Central Ferry PiersPing Tin603
94%
Choi WanSiu Sai Wan(Island Resort)606
94%
Ap Lei Chau(Lee Lok Street)Diamond Hill Station671
94%
Ma On Shan(Lee On Estate)Admiralty Station(East)680
94%
Ma On Shan Town CentreCentral(Hong Kong Station)681
94%
Ma On Shan(Yiu On)Sheung Wan681P
94%
Ma On Shan(Wu Kai Sha Station)Chai Wan(East)682
94%
Tai Po TauSheung Wan307A
89%
On Tai(West)Shau Kei Wan613
89%
Shun LeeCentral(Macau Ferry)619
89%
Tseung Kwan O (Hong Sing Garden)Central (Exchange Square)690
89%
Tsz Wan Shan(North)Sheung Wan302
83%
Tsz Wan Shan(North)North Point(Healthy Village)302A
83%
Po TatSheung Wan601P
83%
Central Ferry PiersPing Tin603P
83%
Choi WanYiu Tung Estate606A
83%
Kowloon BaySiu Sai Wan(Island Resort)606X
83%
Kowloon City(Shing Tak Street)Grand Promenade608
83%
Sheung ShuiCentral(Hong Kong Station)673
83%
Sheung ShuiCauseway Bay(Eastern Hospital Road)678
83%
Ma On Shan(Lee On Estate)Admiralty Station(East)680A
83%
Wu Kai Sha StationAdmiralty Station(East)680P
83%
Wu Kai Sha StationCentral(Macau Ferry)680X
83%
Chai Wan(East)Nai Chung682A
83%
Sha Tin(Shui Chuen O Estate)Chai Wan(East)682B
83%
City One ShatinNorth Point682C
83%
Shek Mun EstateChai Wan(East)682D
83%
Tseung Kwan O (Hong Sing Garden)Central (Exchange Square)690P
83%
Siu Sai Wan EstateTiu Keng Leng Station694
83%
Causeway Bay(Tin Hau)Tai Po(Ting Tai Road)307P
78%
Ping TinCentral Market603A
78%
Shun LeeCentral(Macau Ferry)619X
78%
Laguna CityCentral(Hong Kong Station)621
78%
Central(Macau Ferry)Kai Tak(Kai Ching Estate)641
78%
Ma On Shan(Chevalier Garden)Admiralty Station(East)680B
78%
Ma On Shan(Lee On Estate)Chai Wan(East)682P
78%
Nai ChungChai Wan(East)682X
78%
Shun LeeCentral(Macau Ferry)N619
78%
Sheung ShuiCentral(Hong Kong Station)373
72%
Shun LeeCentral(Macau Ferry)619P
72%
Sheung ShuiCentral(Rumsey Street)673P
72%
Tai Po CentralSheung WanN307
72%
Ma On Shan(Kam Ying Court)Central(Macau Ferry)N680
72%
Ping TinCentral(Gilman Street)603S
67%
Central(Macau Ferry)Tiu Keng Leng(King Ling Road)N691
56%

Score Distribution

Percentile by Number Answered

Percent of People with Each Score

Your Score History

You have not taken this quiz